000 00827cam a2200265 i 4500
999 _c23677
_d23677
001 1748722
003 BDDh-ASL
005 20231015030255.0
008 750228s1974 enkacf j 001 0beng
010 _a 75315109
015 _aGB74-29289
020 _a034018096X :
_c£0.35
040 _aDLC
_cDLC
_dDLC
_dBDDh-ASL
050 0 0 _aBV3269.C3
_bM35
082 0 0 _a921.91
_bCAR
100 1 _aMartin, Nancy,
_d1899-
245 0 0 _aWilliam Carey :
_bthe man who never gave up /
_cNancy Martin.
260 _aLondon :
_bHodder & Stoughton,
_c1974.
300 _a255 p., [8] p. of plates :
_bill., ports. ;
_c24 cm.
490 0 _aHodder Christian paperbacks
500 _aIncludes index.
600 1 0 _aCarey, William,
_d1761-1834
_vJuvenile literature.
906 _a7
_bcbc
_corignew
_d3
_encip
_f19
_gy-gencatlg
942 _2ddc
_cBK